[Event "YUG-ch"]
[Site "Yugoslavia"]
[Date "1984.??.??"]
[Round "9"]
[White "Simic, Radoslav"]
[Black "Velimirovic, Dragoljub"]
[Result "1/2-1/2"]
[WhiteElo "2485"]
[BlackElo "2500"]
[PlyCount "77"]
[EventDate "1984.02.??"]
[EventType "tourn"]
[EventRounds "17"]
[EventCountry "YUG"]
[EventCategory "9"]
[Source "ChessBase"]
[SourceDate "1999.07.01"]
[WhiteTeamCountry "ARG"]
[BlackTeamCountry "YUG"]

1. Nf3 Nf6 2. c4 e6 3. g3 d5 4. d4 dxc4 5. Bg2 c5 6. O-O Nc6 7. Qa4 Bd7 8. Qxc4
b5 9. Qd3 c4 10. Qc2 Rc8 11. Bg5 Be7 12. Nc3 O-O 13. Rfd1 Nb4 14. Qb1 Nbd5 15.
a3 Nxc3 16. bxc3 Bc6 17. Bxf6 Bxf6 18. Ne5 Bxg2 19. Kxg2 Bxe5 20. dxe5 Qb6 21.
a4 Qc6+ 22. f3 Qc5 23. axb5 Qxe5 24. Qb2 Rc7 25. Rd4 g6 26. Ra4 Rb8 27. Raxc4
Rxc4 28. Rxc4 Rxb5 29. Qd2 Rd5 30. Qb2 a5 31. f4 Rb5 32. Qd2 Rd5 33. fxe5 Rxd2
34. Kf3 Rd8 35. Ke4 Kf8 36. Ra4 Ra8 37. Kd4 Ke7 38. c4 Kd7 39. Kc5 1/2-1/2

[Event "YUG-ch"]
[Site "Yugoslavia"]
[Date "1984.??.??"]
[Round "10"]
[White "Ivanovic, Bozidar"]
[Black "Velimirovic, Dragoljub"]
[Result "0-1"]
[WhiteElo "2525"]
[BlackElo "2500"]
[PlyCount "60"]
[EventDate "1984.02.??"]
[EventType "tourn"]
[EventRounds "17"]
[EventCountry "YUG"]
[EventCategory "9"]
[Source "ChessBase"]
[SourceDate "1999.07.01"]
[WhiteTeamCountry "ARG"]
[BlackTeamCountry "YUG"]

1. e4 c5 2. Nf3 Nc6 3. d4 cxd4 4. Nxd4 Nf6 5. Nc3 e5 6. Ndb5 d6 7. Bg5 a6 8.
Bxf6 gxf6 9. Na3 b5 10. Nab1 Bg7 11. Bd3 f5 12. O-O f4 13. Nd5 Be6 14. a4 b4
15. c3 bxc3 16. Nbxc3 O-O 17. b4 a5 18. b5 Nd4 19. f3 Kh8 20. Bc4 Rc8 21. Qd3
Rg8 22. Rf2 Bf6 23. Ne2 Bh4 24. Nxd4 Bxf2+ 25. Kxf2 Qh4+ 26. Kg1 Rxg2+ 27. Kxg2
Bh3+ 28. Kh1 Qf2 29. Nxf4 exf4 30. Rg1 Rg8 0-1

[Event "YUG-ch"]
[Site "Yugoslavia"]
[Date "1984.??.??"]
[Round "12"]
[White "Marjanovic, Slavoljub"]
[Black "Velimirovic, Dragoljub"]
[Result "1/2-1/2"]
[WhiteElo "2525"]
[BlackElo "2500"]
[PlyCount "27"]
[EventDate "1984.02.??"]
[EventType "tourn"]
[EventRounds "17"]
[EventCountry "YUG"]
[EventCategory "9"]
[Source "ChessBase"]
[SourceDate "1999.07.01"]
[WhiteTeamCountry "ARG"]
[BlackTeamCountry "YUG"]

1. e4 e5 2. Nf3 Nc6 3. Bb5 a6 4. Ba4 Nf6 5. O-O Be7 6. Re1 b5 7. Bb3 d6 8. c3
O-O 9. h3 Na5 10. Bc2 c5 11. d4 Qc7 12. Nbd2 Nc6 13. dxc5 dxc5 14. Nf1 1/2-1/2

[Event "YUG-ch"]
[Site "Yugoslavia"]
[Date "1984.??.??"]
[Round "13"]
[White "Velimirovic, Dragoljub"]
[Black "Gligoric, Svetozar"]
[Result "1/2-1/2"]
[WhiteElo "2500"]
[BlackElo "2510"]
[PlyCount "31"]
[EventDate "1984.02.??"]
[EventType "tourn"]
[EventRounds "17"]
[EventCountry "YUG"]
[EventCategory "9"]
[Source "ChessBase"]
[SourceDate "1999.07.01"]
[WhiteTeamCountry "ARG"]
[BlackTeamCountry "YUG"]

1. e4 e5 2. Nf3 Nc6 3. Bb5 a6 4. Ba4 Nf6 5. O-O Be7 6. Re1 b5 7. Bb3 d6 8. c3
O-O 9. h3 Bb7 10. d4 Re8 11. Nbd2 Bf8 12. Bc2 Nb8 13. b3 Nbd7 14. Bb2 g6 15. d5
c6 16. c4 1/2-1/2

[Event "YUG-ch"]
[Site "Yugoslavia"]
[Date "1984.??.??"]
[Round "15"]
[White "Velimirovic, Dragoljub"]
[Black "Basagic, Zlatko"]
[Result "1-0"]
[WhiteElo "2500"]
[BlackElo "2340"]
[PlyCount "101"]
[EventDate "1984.02.??"]
[EventType "tourn"]
[EventRounds "17"]
[EventCountry "YUG"]
[EventCategory "9"]
[Source "ChessBase"]
[SourceDate "1999.07.01"]
[WhiteTeamCountry "ARG"]
[BlackTeamCountry "YUG"]

1. e4 e5 2. Nf3 Nc6 3. c3 d5 4. Bb5 Bc5 5. Qe2 Kf8 6. exd5 Qxd5 7. Bc4 Qd8 8.
Nxe5 Nxe5 9. Qxe5 Bd6 10. Qe2 Qg5 11. O-O Bg4 12. f3 Re8 13. Qf2 Qf4 14. g3
Qxc4 15. fxg4 Nf6 16. d4 Nxg4 17. Qf3 h5 18. Nd2 Qe6 19. Ne4 Qg6 20. Nxd6 cxd6
21. Bf4 Kg8 22. Rae1 Kh7 23. Qxb7 h4 24. Qg2 Qh5 25. h3 Nf6 26. g4 Qg6 27. Bxd6
Ne4 28. Be5 Ng5 29. Bf4 Ne4 30. Re3 Re7 31. Rfe1 Rhe8 32. d5 f5 33. d6 Re6 34.
d7 Rd8 35. Kh2 Nc5 36. Qd5 Rxd7 37. Qxc5 Rd2+ 38. Kh1 Rf6 39. Re5 Rd3 40. Rxf5
Rxh3+ 41. Bh2 Qxg4 42. Rxf6 Rxh2+ 43. Kxh2 Qg3+ 44. Kh1 Qxe1+ 45. Qg1 Qxg1+ 46.
Kxg1 gxf6 47. b4 Kg6 48. b5 Kf5 49. a4 Ke5 50. a5 Kd6 51. Kg2 1-0

[Event "YUG-ch"]
[Site "Yugoslavia"]
[Date "1984.??.??"]
[Round "16"]
[White "Rajkovic, Dusan"]
[Black "Velimirovic, Dragoljub"]
[Result "1/2-1/2"]
[WhiteElo "2440"]
[BlackElo "2500"]
[PlyCount "23"]
[EventDate "1984.02.??"]
[EventType "tourn"]
[EventRounds "17"]
[EventCountry "YUG"]
[EventCategory "9"]
[Source "ChessBase"]
[SourceDate "1999.07.01"]
[WhiteTeamCountry "ARG"]
[BlackTeamCountry "YUG"]

1. c4 e6 2. Nf3 Nf6 3. g3 d5 4. d4 dxc4 5. Bg2 Nbd7 6. O-O a6 7. Qc2 b5 8. Ne5
Nxe5 9. Bxa8 Qxd4 10. Be3 Qd7 11. Rd1 Bd6 12. a4 1/2-1/2

[Event "YUG-ch"]
[Site "Yugoslavia"]
[Date "1984.??.??"]
[Round "17"]
[White "Velimirovic, Dragoljub"]
[Black "Kurajica, Bojan"]
[Result "1/2-1/2"]
[WhiteElo "2500"]
[BlackElo "2495"]
[PlyCount "31"]
[EventDate "1984.02.??"]
[EventType "tourn"]
[EventRounds "17"]
[EventCountry "YUG"]
[EventCategory "9"]
[Source "ChessBase"]
[SourceDate "1999.07.01"]
[WhiteTeamCountry "ARG"]
[BlackTeamCountry "YUG"]

1. e4 e5 2. Nf3 Nc6 3. Bb5 a6 4. Ba4 Nf6 5. O-O Be7 6. Re1 b5 7. Bb3 d6 8. c3
O-O 9. h3 Na5 10. Bc2 c5 11. d4 Qc7 12. Nbd2 cxd4 13. cxd4 Nc6 14. Nb3 a5 15.
Be3 a4 16. Nbd2 1/2-1/2

[Event "Sarajevo"]
[Site "Sarajevo"]
[Date "1984.??.??"]
[Round "?"]
[White "Djuric, Stefan"]
[Black "Velimirovic, Dragoljub"]
[Result "0-1"]
[WhiteElo "2500"]
[BlackElo "2500"]
[PlyCount "102"]
[EventDate "1984.03.??"]
[EventType "tourn"]
[EventRounds "13"]
[EventCountry "YUG"]
[EventCategory "12"]
[Source "ChessBase"]
[SourceDate "1999.07.01"]
[WhiteTeamCountry "ARG"]
[BlackTeamCountry "YUG"]

1. d4 Nf6 2. c4 c5 3. Nf3 g6 4. g3 Bg7 5. Bg2 Qa5+ 6. Nbd2 cxd4 7. Nxd4 Nc6 8.
N4b3 Qc7 9. O-O d6 10. Nb1 Be6 11. Na3 O-O 12. h3 Rfd8 13. Bg5 h6 14. Be3 Qd7
15. Kh2 Ne5 16. Qd2 Rac8 17. Bxa7 Nxc4 18. Nxc4 Rxc4 19. Be3 Rdc8 20. Rac1 Ne4
21. Bxe4 Rxe4 22. Rxc8+ Qxc8 23. Rc1 Qd7 24. f3 Re5 25. Bd4 Rh5 26. g4 Rd5 27.
e4 Rb5 28. Bxg7 Kxg7 29. Nd4 Rc5 30. b3 Qc8 31. Rxc5 dxc5 32. Nxe6+ Qxe6 33.
Qc3+ Qf6 34. Qxc5 Qxf3 35. Qxe7 Qf2+ 36. Kh1 Qg3 37. Qxb7 Qxh3+ 38. Kg1 Qxg4+
39. Kf2 Qf4+ 40. Ke2 Qh2+ 41. Ke3 Qxa2 42. Qb6 Qa1 43. Qb8 Qc3+ 44. Ke2 h5 45.
Kf2 Qd4+ 46. Kf3 h4 47. b4 Qd3+ 48. Kg2 Qxe4+ 49. Kh2 Qe2+ 50. Kh3 Qf3+ 51. Kh2
Qg3+ 0-1

[Event "Sarajevo"]
[Site "Sarajevo"]
[Date "1984.??.??"]
[Round "?"]
[White "Velimirovic, Dragoljub"]
[Black "Timman, Jan H"]
[Result "1-0"]
[WhiteElo "2500"]
[BlackElo "2610"]
[PlyCount "89"]
[EventDate "1984.03.??"]
[EventType "tourn"]
[EventRounds "13"]
[EventCountry "YUG"]
[EventCategory "12"]
[Source "ChessBase"]
[SourceDate "1999.07.01"]
[WhiteTeamCountry "ARG"]
[BlackTeamCountry "YUG"]

1. e4 e6 2. d4 d5 3. Nc3 Bb4 4. e5 c5 5. a3 Bxc3+ 6. bxc3 Ne7 7. Bd3 Nbc6 8.
Qg4 Qa5 9. Bd2 c4 10. Be2 Nf5 11. Nf3 Bd7 12. Ng5 h6 13. Qh5 Rf8 14. Nh7 Rg8
15. g4 Nfe7 16. g5 Rh8 17. Nf6+ gxf6 18. gxf6 Nf5 19. Rg1 Rf8 20. Rg7 O-O-O 21.
Bg4 Nxg7 22. fxg7 Rg8 23. Qxh6 Ne7 24. h4 Qa4 25. Kd1 Nf5 26. Bxf5 exf5 27. h5
f4 28. Qg5 Qc6 29. h6 Qe6 30. Bxf4 Qh3 31. Kd2 Rde8 32. Rg1 Re6 33. Rg3 Qh1 34.
Qf5 Rxh6 35. Qxf7 Be6 36. Qf8+ Kd7 37. Bg5 Rg6 38. Qe7+ Kc8 39. Bf6 Qh6+ 40.
Rg5 Rxf6 41. Qxf6 Qxf6 42. exf6 Kd7 43. Re5 Re8 44. f4 Bf7 45. f5 1-0

[Event "Novi Sad"]
[Site "Novi Sad"]
[Date "1984.??.??"]
[Round "?"]
[White "Kovacevic, Vlatko"]
[Black "Velimirovic, Dragoljub"]
[Result "0-1"]
[WhiteElo "2510"]
[BlackElo "2505"]
[PlyCount "84"]
[EventDate "1984.10.??"]
[EventType "tourn"]
[EventRounds "11"]
[EventCountry "YUG"]
[EventCategory "12"]
[Source "ChessBase"]
[SourceDate "1999.07.01"]
[WhiteTeamCountry "ARG"]
[BlackTeamCountry "YUG"]

1. d4 g6 2. e4 Bg7 3. c3 d6 4. Bg5 Nf6 5. Nd2 O-O 6. Ngf3 Nc6 7. Bb5 Bd7 8. O-O
h6 9. Bh4 Qe8 10. a4 e5 11. Re1 a6 12. Bf1 Nh5 13. dxe5 dxe5 14. Nc4 Be6 15. b4
f6 16. Nfd2 Rf7 17. Qc2 Rd7 18. Ne3 Rad8 19. Nb3 Bf8 20. Red1 Qf7 21. Rxd7 Rxd7
22. Rb1 f5 23. f3 Nd8 24. Na5 Be7 25. Bf2 Bf6 26. exf5 gxf5 27. Nxf5 Bg5 28.
Ne3 Bxe3 29. Bxe3 b6 30. Nb3 Bf5 31. Qc1 Bxb1 32. Qxb1 Qh7 33. Qc1 Qg6 34. Bxh6
Ne6 35. Bxa6 Rh7 36. Be3 Nhf4 37. Qd2 Rd7 38. Nd4 c5 39. Bc8 cxd4 40. Bxf4 Nxf4
41. Bxd7 dxc3 42. Qa2+ Kg7 0-1

[Event "Novi Sad"]
[Site "Novi Sad"]
[Date "1984.??.??"]
[Round "?"]
[White "Kurajica, Bojan"]
[Black "Velimirovic, Dragoljub"]
[Result "1/2-1/2"]
[WhiteElo "2530"]
[BlackElo "2505"]
[PlyCount "154"]
[EventDate "1984.10.??"]
[EventType "tourn"]
[EventRounds "11"]
[EventCountry "YUG"]
[EventCategory "12"]
[Source "ChessBase"]
[SourceDate "1999.07.01"]
[WhiteTeamCountry "ARG"]
[BlackTeamCountry "YUG"]

1. Nf3 e6 2. c4 c5 3. g3 d5 4. cxd5 exd5 5. d4 Nc6 6. Bg2 Nf6 7. O-O Be7 8.
dxc5 Bxc5 9. Bg5 O-O 10. Qb3 Be6 11. Qb5 Be7 12. Qxb7 Bd7 13. Bxf6 Bxf6 14. Nc3
Rb8 15. Qa6 Rb6 16. Qd3 d4 17. Nd5 Rxb2 18. e3 Be6 19. Nxf6+ Qxf6 20. Nxd4 Nxd4
21. exd4 Rd8 22. d5 Rxf2 23. Qe3 Rxg2+ 24. Kxg2 Qb2+ 25. Qf2 Bxd5+ 26. Kg1 Qb4
27. Rad1 Qe4 28. Qf3 Qe6 29. Qd3 h6 30. Rfe1 Qf6 31. Rd2 g6 32. Rf1 Qe6 33.
Rfd1 Kh7 34. Qe2 Rc8 35. Qxe6 Bxe6 36. Rb1 Rc5 37. Rb4 Ra5 38. a4 Kg7 39. Rdd4
Rc5 40. Rd2 Rc1+ 41. Kf2 Ra1 42. Rdb2 Ra3 43. Rd4 g5 44. h4 Kf6 45. Re2 a5 46.
hxg5+ hxg5 47. g4 Kg6 48. Re3 Ra1 49. Re5 Ra2+ 50. Kf3 Ra3+ 51. Re3 Ra2 52. Rc3
Ra1 53. Rc5 Ra3+ 54. Kf2 Ra2+ 55. Ke3 Ra3+ 56. Ke2 Ra2+ 57. Ke1 Ra1+ 58. Kd2
Ra2+ 59. Rc2 Ra1 60. Rc6 Ra2+ 61. Kd3 Ra3+ 62. Rc3 Ra1 63. Kd2 Kf6 64. Ke3 Re1+
65. Kf2 Ra1 66. Re3 Ra2+ 67. Ke1 Ra1+ 68. Kd2 Ra2+ 69. Kc1 Ra1+ 70. Kb2 Ra2+
71. Kb1 Rg2 72. Ree4 Rf2 73. Kc1 Rg2 74. Kd1 Bb3+ 75. Ke1 Ra2 76. Rd6+ Kg7 77.
Ra6 Rxa4 1/2-1/2

[Event "Novi Sad"]
[Site "Novi Sad"]
[Date "1984.??.??"]
[Round "?"]
[White "Popovic, Petar"]
[Black "Velimirovic, Dragoljub"]
[Result "1/2-1/2"]
[WhiteElo "2525"]
[BlackElo "2505"]
[PlyCount "148"]
[EventDate "1984.10.??"]
[EventType "tourn"]
[EventRounds "11"]
[EventCountry "YUG"]
[EventCategory "12"]
[Source "ChessBase"]
[SourceDate "1999.07.01"]
[WhiteTeamCountry "ARG"]
[BlackTeamCountry "YUG"]

1. e4 c5 2. Nf3 d6 3. d4 cxd4 4. Nxd4 Nf6 5. Nc3 g6 6. g3 Nc6 7. Bg2 Bg4 8.
Nde2 Qc8 9. h3 Bd7 10. b3 Bg7 11. Bb2 O-O 12. Qc1 a5 13. a3 Re8 14. Nd5 Ra6 15.
g4 a4 16. Nxf6+ exf6 17. O-O h5 18. gxh5 Bxh3 19. hxg6 fxg6 20. Ng3 Ne5 21. Qd2
Rc6 22. Bxe5 dxe5 23. Bxh3 Qxh3 24. Rad1 Rec8 25. Qd5+ Kh7 26. Rd3 Qe6 27. c4
Rb6 28. bxa4 Rxc4 29. Qxe6 Rxe6 30. Rb1 Re7 31. Rb4 Rec7 32. Kg2 Kh6 33. Rdb3
Bf8 34. Rxc4 Rxc4 35. Rxb7 Rxa4 36. Rb6 Kg5 37. Rb3 Bxa3 38. Kf3 Bc5 39. Rc3
Bd4 40. Rb3 Ra2 41. Ne2 Ba7 42. Rb5 Kh4 43. Rb7 Kg5 44. Re7 Ra3+ 45. Kg2 Kg4
46. Rg7 g5 47. Rf7 Ra2 48. Kf1 Ra6 49. Kg2 Kh5 50. Ng3+ Kg6 51. Rc7 g4 52. Rc2
Kg5 53. Rb2 Bd4 54. Rc2 Ra3 55. Rd2 Ra4 56. Rc2 Kg6 57. Re2 Bc5 58. Rc2 Ba7 59.
Rd2 Rc4 60. Rb2 Bc5 61. Ra2 Kg5 62. Rb2 Kf4 63. Nh5+ Kg5 64. Ng3 Kg6 65. Ra2
Rc3 66. Rb2 Bd4 67. Rd2 Kg5 68. Ra2 Rf3 69. Rc2 Rf4 70. Kg1 Kg6 71. Kg2 Kg5 72.
Kg1 Kh6 73. Kg2 Kg6 74. Ra2 Kf7 1/2-1/2

[Event "Novi Sad"]
[Site "Novi Sad"]
[Date "1984.??.??"]
[Round "?"]
[White "Sokolov, Andrei"]
[Black "Velimirovic, Dragoljub"]
[Result "1/2-1/2"]
[WhiteElo "2505"]
[BlackElo "2505"]
[PlyCount "51"]
[EventDate "1984.10.??"]
[EventType "tourn"]
[EventRounds "11"]
[EventCountry "YUG"]
[EventCategory "12"]
[Source "ChessBase"]
[SourceDate "1999.07.01"]
[WhiteTeamCountry "ARG"]
[BlackTeamCountry "YUG"]

1. e4 c5 2. Nf3 d6 3. d4 cxd4 4. Nxd4 Nf6 5. Nc3 g6 6. Be3 Bg7 7. f3 Nc6 8. Qd2
O-O 9. O-O-O Nxd4 10. Bxd4 Be6 11. Nd5 Bxd5 12. exd5 Qc7 13. g4 Rac8 14. c3 Qa5
15. g5 Nh5 16. Bxg7 Nxg7 17. Bh3 Qxa2 18. Bxc8 Rxc8 19. Qd3 Nf5 20. Rhe1 Rc5
21. Re4 b5 22. Rb4 a6 23. Re4 a5 24. Qb1 Qb3 25. Qc2 Qa2 26. Qb1 1/2-1/2

[Event "Novi Sad"]
[Site "Novi Sad"]
[Date "1984.??.??"]
[Round "?"]
[White "Velimirovic, Dragoljub"]
[Black "Cebalo, Miso"]
[Result "1-0"]
[WhiteElo "2505"]
[BlackElo "2500"]
[PlyCount "49"]
[EventDate "1984.10.??"]
[EventType "tourn"]
[EventRounds "11"]
[EventCountry "YUG"]
[EventCategory "12"]
[Source "ChessBase"]
[SourceDate "1999.07.01"]
[WhiteTeamCountry "ARG"]
[BlackTeamCountry "YUG"]

1. e4 c5 2. Nf3 d6 3. d4 cxd4 4. Nxd4 Nf6 5. Nc3 e6 6. Bg5 Be7 7. Qd2 a6 8.
O-O-O Nbd7 9. f4 h6 10. Bh4 Nc5 11. Qe1 g5 12. fxg5 Nh5 13. Bf2 Bxg5+ 14. Kb1
Qe7 15. e5 dxe5 16. Nf5 exf5 17. Nd5 Ne4 18. Nxe7 Bxe7 19. Bh4 Bxh4 20. Qxh4
Nhf6 21. Bd3 Be6 22. g4 fxg4 23. Bxe4 Nxe4 24. Rhe1 Bf5 25. Qh5 1-0

[Event "Novi Sad"]
[Site "Novi Sad"]
[Date "1984.??.??"]
[Round "?"]
[White "Velimirovic, Dragoljub"]
[Black "Ivanovic, Bozidar"]
[Result "1/2-1/2"]
[WhiteElo "2505"]
[BlackElo "2515"]
[PlyCount "31"]
[EventDate "1984.10.??"]
[EventType "tourn"]
[EventRounds "11"]
[EventCountry "YUG"]
[EventCategory "12"]
[Source "ChessBase"]
[SourceDate "1999.07.01"]
[WhiteTeamCountry "ARG"]
[BlackTeamCountry "YUG"]

1. e4 e5 2. Nf3 Nf6 3. Nxe5 d6 4. Nf3 Nxe4 5. Qe2 Qe7 6. d3 Nf6 7. Nc3 Bd7 8.
Bg5 Qxe2+ 9. Bxe2 Be7 10. O-O-O Nc6 11. Ne4 Nxe4 12. dxe4 Bxg5+ 13. Nxg5 h6 14.
Nf3 O-O-O 15. Nd4 Nxd4 16. Rxd4 1/2-1/2

[Event "Novi Sad"]
[Site "Novi Sad"]
[Date "1984.??.??"]
[Round "?"]
[White "Velimirovic, Dragoljub"]
[Black "Smejkal, Jan"]
[Result "0-1"]
[WhiteElo "2505"]
[BlackElo "2540"]
[PlyCount "84"]
[EventDate "1984.10.??"]
[EventType "tourn"]
[EventRounds "11"]
[EventCountry "YUG"]
[EventCategory "12"]
[Source "ChessBase"]
[SourceDate "1999.07.01"]
[WhiteTeamCountry "ARG"]
[BlackTeamCountry "YUG"]

1. e4 e5 2. Nf3 Nc6 3. Bb5 a6 4. Ba4 Nf6 5. O-O Be7 6. Re1 b5 7. Bb3 d6 8. Nc3
Bg4 9. Nd5 Nd4 10. c3 Bxf3 11. gxf3 Nxb3 12. Nxf6+ Bxf6 13. axb3 O-O 14. d4
exd4 15. cxd4 c5 16. Be3 cxd4 17. Bxd4 Re8 18. Kh1 Be5 19. Bxe5 dxe5 20. Rg1
Qf6 21. Qe2 Red8 22. Rgd1 Rxd1+ 23. Rxd1 Rc8 24. Qe3 h6 25. Qd3 Kh7 26. Kg2
Qg5+ 27. Kh1 Rc6 28. Rg1 Qf6 29. Rd1 Qh4 30. Qd2 Rf6 31. Kg2 Rg6+ 32. Kf1 Qxh2
33. Ke2 h5 34. Qd7 Rf6 35. Rd6 Qf4 36. Rd3 h4 37. Qc8 Kg6 38. Kf1 Qg5 39. b4
Qh5 40. Kg2 Kh7 41. Qh3 Qg5+ 42. Qg4 Qc1 0-1

[Event "Novi Sad"]
[Site "Novi Sad"]
[Date "1984.??.??"]
[Round "?"]
[White "Velimirovic, Dragoljub"]
[Black "Torre, Eugenio"]
[Result "1/2-1/2"]
[WhiteElo "2505"]
[BlackElo "2530"]
[PlyCount "96"]
[EventDate "1984.10.??"]
[EventType "tourn"]
[EventRounds "11"]
[EventCountry "YUG"]
[EventCategory "12"]
[Source "ChessBase"]
[SourceDate "1999.07.01"]
[WhiteTeamCountry "ARG"]
[BlackTeamCountry "YUG"]

1. e4 e5 2. Nf3 Nc6 3. Bb5 a6 4. Ba4 Nf6 5. O-O Be7 6. Bxc6 dxc6 7. d3 Nd7 8.
Nbd2 O-O 9. Nc4 Bd6 10. a4 c5 11. a5 Re8 12. Nxd6 cxd6 13. Nd2 Nf8 14. Nc4 Be6
15. Nb6 Rb8 16. f4 exf4 17. Bxf4 Qe7 18. b3 Rbd8 19. Qh5 f6 20. c4 Bf7 21. Qf3
Ng6 22. Qg3 Nxf4 23. Qxf4 Qe5 24. Qxe5 Rxe5 25. Rab1 Be6 26. Rbe1 Re8 27. Rf4
f5 28. Re3 Bf7 29. Ref3 fxe4 30. dxe4 R5e7 31. Rd3 Re6 32. Na4 Bg6 33. Nc3 Rf8
34. Rdf3 Rfe8 35. Re3 Rf8 36. g3 Be8 37. Ref3 Rxf4 38. Rxf4 Bc6 39. Kf2 Re7 40.
Ke3 b6 41. axb6 Rb7 42. Kd3 Rxb6 43. Kc2 Rb7 44. Nd5 a5 45. Nc3 Re7 46. Kd3 Rb7
47. Kc2 Rb4 48. Na2 Rb7 1/2-1/2

[Event "Yugoslavia-Asia"]
[Site "Subotica"]
[Date "1984.11.02"]
[Round "1"]
[White "Velimirovic, Dragoljub"]
[Black "Ye Jiangchuan"]
[Result "1-0"]
[WhiteElo "2505"]
[BlackElo "2445"]
[PlyCount "87"]
[EventDate "1984.11.??"]
[EventType "schev ()"]
[EventRounds "12"]
[EventCountry "YUG"]
[Source "ChessBase"]
[SourceDate "2008.11.26"]
[WhiteTeamCountry "ARG"]
[BlackTeamCountry "YUG"]

1. e4 c5 2. Nf3 e6 3. d4 cxd4 4. Nxd4 Nf6 5. Nc3 d6 6. Bg5 Be7 7. Qd2 a6 8.
O-O-O b5 9. Bd3 Bb7 10. Rhe1 h6 11. Bh4 Nbd7 12. f4 b4 13. Nce2 Qb6 14. Bf2 e5
15. Kb1 g6 16. Bg1 exd4 17. Nxd4 Nc5 18. Nb3 O-O-O 19. e5 dxe5 20. Rxe5 Nd5 21.
Rxe7 Nxe7 22. Bxc5 Qc7 23. Bxb4 Nc6 24. Bc3 Rhe8 25. Qf2 Rd5 26. a3 Qd6 27. Ka2
Kc7 28. Rc1 h5 29. Bc4 Rf5 30. g3 Bc8 31. Qf1 Rd8 32. Bd3 Rd5 33. Be4 Rb5 34.
Bxc6 Kxc6 35. Nd4+ Kb6 36. Nxb5 axb5 37. Qf2+ Ka6 38. b3 Be6 39. Kb2 Qc6 40. a4
Kb7 41. axb5 Qxb5 42. Ra1 Ra8 43. Rd1 Qc6 44. Qd4 1-0

[Event "Yugoslavia-Asia"]
[Site "Subotica"]
[Date "1984.11.03"]
[Round "2"]
[White "Mascarinas, Rico"]
[Black "Velimirovic, Dragoljub"]
[Result "1/2-1/2"]
[WhiteElo "2425"]
[BlackElo "2505"]
[PlyCount "133"]
[EventDate "1984.11.??"]
[EventType "schev ()"]
[EventRounds "12"]
[EventCountry "YUG"]
[Source "ChessBase"]
[SourceDate "2008.11.26"]
[WhiteTeamCountry "ARG"]
[BlackTeamCountry "YUG"]

1. d4 Nf6 2. Nf3 c5 3. c4 e6 4. Nc3 cxd4 5. Nxd4 Bb4 6. g3 Nc6 7. Bg2 Qb6 8.
Nb3 Qa6 9. c5 b6 10. a3 Bxc3+ 11. bxc3 Bb7 12. O-O Na5 13. Nxa5 Bxg2 14. Kxg2
Qxa5 15. cxb6 Qxb6 16. c4 Rc8 17. Be3 Qb7+ 18. Kg1 Rxc4 19. Rb1 Qc7 20. Bf4 e5
21. Bg5 O-O 22. Bxf6 gxf6 23. Qd5 Rd4 24. Qf3 Qd6 25. e3 Rd2 26. Rbd1 Rxd1 27.
Rxd1 Qe7 28. Qg4+ Kh8 29. Rxd7 Qxa3 30. Qf3 Kg7 31. h4 Qc5 32. h5 Qb6 33. Kg2
a5 34. Qg4+ Kh6 35. Qc4 Qe6 36. Qxe6 fxe6 37. Ra7 Rd8 38. Rxa5 Kxh5 39. Ra6 Re8
40. Kf3 Kg6 41. Ke4 Re7 42. g4 Kg5 43. f3 Kh4 44. Rb6 Kg3 45. Ra6 Re8 46. Rb6
f5+ 47. Kxe5 fxg4 48. fxg4 Kxg4 49. e4 h5 50. Rb7 h4 51. Rg7+ Kh5 52. Kf4 Kh6
53. Rg5 Rf8+ 54. Kg4 Rf1 55. Re5 Rf6 56. Kxh4 Kg6 57. Kg4 Kf7 58. Ra5 Rf1 59.
Ra3 Kg6 60. Ra8 e5 61. Ra6+ Kf7 62. Kg5 Rf4 63. Rb6 Ke7 64. Ra6 Kd7 65. Rh6
Rxe4 66. Kf5 Re1 67. Ra6 1/2-1/2

[Event "Yugoslavia-Asia"]
[Site "Subotica"]
[Date "1984.11.04"]
[Round "3"]
[White "Velimirovic, Dragoljub"]
[Black "Murshed, Niaz"]
[Result "1-0"]
[WhiteElo "2505"]
[BlackElo "2405"]
[PlyCount "81"]
[EventDate "1984.11.??"]
[EventType "schev ()"]
[EventRounds "12"]
[EventCountry "YUG"]
[Source "ChessBase"]
[SourceDate "2008.11.26"]
[WhiteTeamCountry "ARG"]
[BlackTeamCountry "YUG"]

1. e4 c5 2. Nf3 Nc6 3. d4 cxd4 4. Nxd4 e6 5. Nc3 Qc7 6. g3 a6 7. Bg2 d6 8. O-O
Nf6 9. Re1 Be7 10. Nxc6 bxc6 11. e5 dxe5 12. Rxe5 O-O 13. Re1 Nd5 14. Ne4 e5
15. c4 Nb6 16. Qe2 f5 17. Nc3 e4 18. Bf4 Qb7 19. f3 Be6 20. b3 Bf6 21. Rac1 g5
22. Bd2 Qg7 23. fxe4 Bd4+ 24. Kh1 f4 25. gxf4 gxf4 26. Bf3 Kh8 27. Nd1 Nd7 28.
Nf2 Ne5 29. Rg1 Qf6 30. Nd3 Nxf3 31. Qxf3 Bxg1 32. Rxg1 Rad8 33. Bc1 Rxd3 34.
Qxd3 h5 35. Qd6 Rd8 36. Qxc6 Kh7 37. Bb2 Bg4 38. Qc7+ Kh6 39. Rxg4 Rd1+ 40. Rg1
Rxg1+ 41. Kxg1 1-0

[Event "Yugoslavia-Asia"]
[Site "Subotica"]
[Date "1984.11.05"]
[Round "4"]
[White "Qi Jingxuan"]
[Black "Velimirovic, Dragoljub"]
[Result "0-1"]
[WhiteElo "2435"]
[BlackElo "2505"]
[PlyCount "106"]
[EventDate "1984.11.??"]
[EventType "schev ()"]
[EventRounds "12"]
[EventCountry "YUG"]
[Source "ChessBase"]
[SourceDate "2008.11.26"]
[WhiteTeamCountry "ARG"]
[BlackTeamCountry "YUG"]

1. d4 Nf6 2. c4 c5 3. d5 g6 4. Nc3 Bg7 5. e4 O-O 6. Bd3 d6 7. h3 e6 8. Nf3 exd5
9. exd5 Re8+ 10. Be3 b5 11. Nxb5 Ne4 12. O-O a6 13. Nc3 Nxc3 14. bxc3 Nd7 15.
Bd2 a5 16. Re1 Rxe1+ 17. Qxe1 Ba6 18. Rb1 Nb6 19. Qe2 Na4 20. Rb3 Qc7 21. Ne1
Nb6 22. Nc2 Nd7 23. Na3 Nf6 24. Nb5 Bxb5 25. Rxb5 Rb8 26. Rxb8+ Qxb8 27. Bc1
Nd7 28. Qc2 Qe8 29. Bd2 h5 30. Qa4 Qd8 31. Qb5 Kh7 32. Qa6 Qb6 33. Qb5 Qd8 34.
Kf1 Bh6 35. Bxh6 Kxh6 36. f4 Kg7 37. Kf2 g5 38. fxg5 Ne5 39. Be2 Qxg5 40. Qb2
Qf4+ 41. Ke1 Qg5 42. Bf1 a4 43. Qd2 Qf5 44. Be2 h4 45. a3 Kg6 46. Qd1 Qe4 47.
Kf1 Qf4+ 48. Kg1 Qe3+ 49. Kf1 Qxc3 50. Qxa4 Kg5 51. Qe8 Kf4 52. Qg8 Qxa3 53.
Qg7 Qa1+ 0-1

[Event "Yugoslavia-Asia"]
[Site "Subotica"]
[Date "1984.11.06"]
[Round "5"]
[White "Thipsay, Praveen Mahadeo"]
[Black "Velimirovic, Dragoljub"]
[Result "1/2-1/2"]
[WhiteElo "2445"]
[BlackElo "2505"]
[PlyCount "111"]
[EventDate "1984.11.??"]
[EventType "schev ()"]
[EventRounds "12"]
[EventCountry "YUG"]
[Source "ChessBase"]
[SourceDate "2008.11.26"]
[WhiteTeamCountry "ARG"]
[BlackTeamCountry "YUG"]

1. e4 c5 2. Nf3 d6 3. d4 cxd4 4. Nxd4 Nf6 5. Nc3 g6 6. Be3 Bg7 7. Be2 Nc6 8.
O-O O-O 9. Nb3 Be6 10. f4 Rc8 11. f5 Bd7 12. Kh1 Ne5 13. Nd4 Rxc3 14. bxc3 Nxe4
15. Qe1 Qc7 16. fxg6 hxg6 17. Bd3 Nxc3 18. Qh4 Ng4 19. Nf3 f5 20. Ng5 Nf6 21.
Bd4 Nh5 22. Rae1 Bxd4 23. Qxd4 e5 24. Qc4+ Qxc4 25. Bxc4+ Kg7 26. Rf3 Na4 27.
Rd3 Nb6 28. Rxd6 Rf6 29. Rd2 e4 30. Bb3 Bc6 31. Ne6+ Kf7 32. Nd8+ Ke7 33. Nxc6+
Rxc6 34. g3 a5 35. a4 Nf6 36. Kg2 Nfd7 37. Kf2 Ne5 38. Rde2 Rd6 39. Ke3 Ng4+
40. Kf4 Kf6 41. h4 Rd4 42. Rxe4 fxe4 43. Kxg4 Nxa4 44. Bxa4 Rxa4 45. Rb1 Rc4
46. Rxb7 a4 47. Kf4 a3 48. Rb6+ Kf7 49. Ra6 Rc3 50. g4 e3 51. Kf3 e2+ 52. Kxe2
Rxc2+ 53. Kf3 a2 54. Kf4 Kg7 55. Ra7+ Kf6 56. Ra6+ 1/2-1/2